000 00288nam a2200109Ia 4500
008 190914s9999||||xx |||||||||||||| ||und||
100 _aHaddon,Malcolm
245 0 _aModelling and Quantitative Methods in Fisheries
260 _aNew Delhi
_bPrentice Hall
_c2003
300 _a411
942 _cBK
999 _c8821
_d8821